[Event "SC Klein-Berlin Rheine 2 - Indische Dam"]
[Site "Verbandsklasse 2021/2022"]
[Date "2022.04.23"]
[Round "2.2"]
[White "Hauk, Viktor"]
[Black "Wichmann, Norbert"]
[Result "1-0"]
[WhiteElo "1889"]
[BlackElo "1747"]
[PlyCount "55"]
[EventDate "2022.??.??"]
[SourceTitle "Verband Muensterland"]
[SourceDate "2022.04.10"]
[SourceVersion "1"]
[SourceVersionDate "2022.04.10"]
[SourceQuality "1"]
[WhiteTeam "SC Klein-Berlin Rheine 2"]
[BlackTeam "Indische Dame Münster 1"]

1. d4 Nf6 2. c4 g6 3. Nc3 Bg7 4. e4 d6 5. Be2 O-O 6. Be3 Nc6 7. d5 Nb4 8. h4 h5
9. Nh3 c5 10. Qd2 Kh7 11. Ng5+ Kh8 12. f3 Bd7 13. g4 Na6 14. gxh5 Nxh5 15. f4
Ng3 16. Rg1 Nxe2 17. Qxe2 Bf6 18. h5 Bxg5 19. Rxg5 Kg7 20. O-O-O Rh8 21. Rdg1
Be8 22. f5 Nc7 23. Qg2 Rb8 24. fxg6 f6 25. Rf5 b5 26. h6+ Kg8 27. h7+ Kg7 28.
Qh3 1-0

[Event "SC Klein-Berlin Rheine 2 - Indische Dam"]
[Site "Verbandsklasse 2021/2022"]
[Date "2022.04.23"]
[Round "2.3"]
[White "Ter Veen, Michael"]
[Black "Hemmert, Michael"]
[Result "0-1"]
[WhiteElo "1614"]
[BlackElo "1762"]
[PlyCount "94"]
[EventDate "2022.??.??"]
[SourceTitle "Verband Muensterland"]
[SourceDate "2022.04.10"]
[SourceVersion "1"]
[SourceVersionDate "2022.04.10"]
[SourceQuality "1"]
[WhiteTeam "Indische Dame Münster 1"]
[BlackTeam "SC Klein-Berlin Rheine 2"]

1. c4 f5 2. Nc3 Nf6 3. g3 e5 4. Bg2 Nc6 5. e3 Bc5 6. Nge2 e4 7. d4 exd3 8. Nf4
Ne5 9. Nxd3 Qe7 10. Nxe5 Qxe5 11. O-O c6 12. e4 fxe4 13. Nxe4 Nxe4 14. Bxe4 O-O
15. Qc2 Qh5 16. Be3 d6 17. Bxc5 dxc5 18. f4 Bg4 19. Rae1 Rad8 20. b3 Rd4 21.
Bg2 Re8 22. Rxe8+ Qxe8 23. Qc3 Qe2 24. Qe1 Rd2 25. Qxe2 Rxe2 26. h3 Bf5 27. g4
Bc2 28. Bf3 Rd2 29. Re1 Kf7 30. Re5 Bb1 31. Rxc5 Rxa2 32. b4 a6 33. b5 axb5 34.
cxb5 Ra5 35. Re5 Rxb5 36. Rxb5 cxb5 37. Bxb7 Ke7 38. Kf2 Kd6 39. Ke3 Kc5 40.
Kd2 Kd4 41. h4 b4 42. h5 Be4 43. Bc8 b3 44. Be6 b2 45. Ba2 b1=Q 46. Bxb1 Bxb1
47. Ke2 Ke4 0-1

[Event "SC Klein-Berlin Rheine 2 - Indische Dam"]
[Site "Verbandsklasse 2021/2022"]
[Date "2022.04.23"]
[Round "2.4"]
[White "Miethe, Christoph"]
[Black "Ennen, Joerg"]
[Result "1/2-1/2"]
[WhiteElo "1736"]
[BlackElo "1603"]
[PlyCount "51"]
[EventDate "2022.??.??"]
[SourceTitle "Verband Muensterland"]
[SourceDate "2022.04.10"]
[SourceVersion "1"]
[SourceVersionDate "2022.04.10"]
[SourceQuality "1"]
[WhiteTeam "SC Klein-Berlin Rheine 2"]
[BlackTeam "Indische Dame Münster 1"]

1. e4 c5 2. c3 e6 3. d4 b6 4. Nf3 Bb7 5. Bd3 Nf6 6. e5 Nd5 7. a3 cxd4 8. cxd4
Be7 9. O-O Nc6 10. Be4 Na5 11. b4 Nc4 12. Qb3 b5 13. Nc3 a6 14. Nxd5 Bxd5 15.
Bxd5 exd5 16. Bf4 O-O 17. Rfd1 Qb6 18. h3 Qg6 19. Nd2 d6 20. exd6 Bxd6 21. Bxd6
Qxd6 22. Nf3 Rfe8 23. Re1 Rad8 24. Rad1 Qf4 25. Qa2 Qd6 26. Qb3 1/2-1/2

[Event "SC Klein-Berlin Rheine 2 - Indische Dam"]
[Site "Verbandsklasse 2021/2022"]
[Date "2022.04.23"]
[Round "2.5"]
[White "Pauli, Dirk"]
[Black "Pohlmeier, Ulrich"]
[Result "1/2-1/2"]
[WhiteElo "1501"]
[BlackElo "1611"]
[PlyCount "80"]
[EventDate "2022.??.??"]
[SourceTitle "Verband Muensterland"]
[SourceDate "2022.04.10"]
[SourceVersion "1"]
[SourceVersionDate "2022.04.10"]
[SourceQuality "1"]
[WhiteTeam "Indische Dame Münster 1"]
[BlackTeam "SC Klein-Berlin Rheine 2"]

1. e4 e5 2. Bc4 Nc6 3. Nf3 Bc5 4. O-O d6 5. c3 Bg4 6. d3 h6 7. Bb3 Nge7 8. Nbd2
Qd7 9. Re1 O-O-O 10. Nf1 f5 11. Ne3 fxe4 12. dxe4 Rdf8 13. Nxg4 Qxg4 14. Be3
Bxe3 15. Rxe3 Rf6 16. Nd2 Qh4 17. Rf3 Rhf8 18. Rxf6 Rxf6 19. Qe2 Ng6 20. g3 Qh3
21. Qf1 Qd7 22. Bd1 a6 23. Bf3 Nh8 24. Bg2 Kd8 25. Qe2 Qf7 26. b4 Ne7 27. a4
Nhg6 28. c4 c5 29. bxc5 dxc5 30. Qd3+ Kc7 31. Qe3 b6 32. a5 Rc6 33. axb6+ Kxb6
34. Qb3+ Kc7 35. Rb1 Qe8 36. Bh3 Qa8 37. Nf3 Rd6 38. Qc3 Nc6 39. Bf5 Qe8 40.
Qb2 Nb4 1/2-1/2

[Event "SV Heiden 2 - SK Dülmen 2"]
[Site "Verbandsklasse 2021/2022"]
[Date "2022.04.23"]
[Round "2.1"]
[White "Reufer, Berthold"]
[Black "Schulze Forsthoevel, Manfred"]
[Result "1-0"]
[WhiteElo "1641"]
[BlackElo "1491"]
[PlyCount "105"]
[EventDate "2022.??.??"]
[SourceTitle "Verband Muensterland"]
[SourceDate "2022.04.10"]
[SourceVersion "1"]
[SourceVersionDate "2022.04.10"]
[SourceQuality "1"]
[WhiteTeam "SK Dülmen 2"]
[BlackTeam "SV Heiden 2"]

1. e4 Nf6 2. Bc4 d6 3. Nc3 g6 4. d4 Bg7 5. Bg5 c6 6. Nge2 Nbd7 7. f4 Nb6 8. Bd3
Bg4 9. Qd2 h6 10. Bxf6 Bxf6 11. e5 dxe5 12. dxe5 Bg7 13. O-O-O Qd7 14. h3 Bf5
15. g4 Bxd3 16. Qxd3 Qxd3 17. Rxd3 e6 18. Ne4 O-O 19. Rhd1 f5 20. Nc5 Rfe8 21.
Nxb7 fxg4 22. hxg4 Bf8 23. Rd8 Kf7 24. Rxa8 Rxa8 25. Nd8+ Rxd8 26. Rxd8 h5 27.
gxh5 gxh5 28. Rxf8+ Kxf8 29. Kd1 h4 30. Ke1 Kg7 31. Kf2 c5 32. Kf3 Kg6 33. Kg4
Nd5 34. Kxh4 Kf5 35. Kg3 Nb4 36. c3 Nd3 37. b3 a5 38. Kf3 Ne1+ 39. Ke3 Ng2+ 40.
Kf3 Ne1+ 41. Kf2 Nd3+ 42. Ke3 Ne1 43. Ng3+ Kg6 44. Ne4 Ng2+ 45. Kf3 Ne1+ 46.
Kf2 Nd3+ 47. Ke3 Nc1 48. Nxc5 Nxa2 49. Nxe6 Nxc3 50. Nd4 Nd5+ 51. Kf3 Ne7 52.
Ke4 Nc8 53. Nc6 1-0

[Event "SV Heiden 2 - SK Dülmen 2"]
[Site "Verbandsklasse 2021/2022"]
[Date "2022.04.23"]
[Round "2.2"]
[White "Dolle, Stephan"]
[Black "Wilms, Gerwin"]
[Result "1-0"]
[WhiteElo "1799"]
[BlackElo "1599"]
[PlyCount "99"]
[EventDate "2022.??.??"]
[SourceTitle "Verband Muensterland"]
[SourceDate "2022.04.10"]
[SourceVersion "1"]
[SourceVersionDate "2022.04.10"]
[SourceQuality "1"]
[WhiteTeam "SV Heiden 2"]
[BlackTeam "SK Dülmen 2"]

1. d4 d5 2. c4 e6 3. Nc3 c6 4. e3 Nf6 5. Nf3 Nbd7 6. Bd3 dxc4 7. Bxc4 b5 8. Bd3
Bb7 9. O-O a6 10. Qe2 c5 11. Rd1 c4 12. Bc2 Bb4 13. e4 Bxc3 14. bxc3 Qa5 15.
Bd2 O-O 16. e5 Bxf3 17. Qxf3 Nd5 18. a4 Qc7 19. Be4 N7b6 20. a5 Na4 21. Bxd5
exd5 22. Qxd5 Rad8 23. Qf3 Qxa5 24. Qg3 Qb6 25. Bg5 Rde8 26. Bf6 g6 27. Qg5 Re6
28. Qh6 Rxf6 29. exf6 Qxf6 30. Qd2 Rd8 31. Re1 Rd5 32. Re3 h5 33. h3 Kg7 34.
Ra2 Qf5 35. Qe1 Kh6 36. Rae2 Kg7 37. Rf3 Qg5 38. Re5 Rxe5 39. Qxe5+ Qxe5 40.
dxe5 Nc5 41. Kf1 a5 42. Ke2 a4 43. Kd1 a3 44. Kc2 Nb3 45. Kb1 Nd2+ 46. Ka2 Nxf3
47. gxf3 Kh6 48. f4 g5 49. f5 h4 50. f3 1-0

[Event "SV Heiden 2 - SK Dülmen 2"]
[Site "Verbandsklasse 2021/2022"]
[Date "2022.04.23"]
[Round "2.3"]
[White "Ulunque Villazon, Humberto"]
[Black "Buchner, Ralf"]
[Result "1-0"]
[WhiteElo "1580"]
[BlackElo "1684"]
[PlyCount "83"]
[EventDate "2022.??.??"]
[SourceTitle "Verband Muensterland"]
[SourceDate "2022.04.10"]
[SourceVersion "1"]
[SourceVersionDate "2022.04.10"]
[SourceQuality "1"]
[WhiteTeam "SK Dülmen 2"]
[BlackTeam "SV Heiden 2"]

1. e4 g6 2. Bc4 Bg7 3. Nf3 d6 4. O-O Nc6 5. a3 e5 6. c3 Nf6 7. d3 O-O 8. h3 Qe8
9. Kh1 Be6 10. Bb5 Rd8 11. Be3 a6 12. Ba4 Nd7 13. Ng5 h6 14. Nxe6 fxe6 15. Nd2
Qe7 16. Nf3 Nf6 17. Qe2 Kh7 18. Bc2 Nh5 19. Rad1 Nf4 20. Bxf4 Rxf4 21. d4 Rdf8
22. Rd3 exd4 23. cxd4 e5 24. d5 Rxf3 25. dxc6 Rxd3 26. Bxd3 bxc6 27. Bxa6 d5
28. Rc1 Rf6 29. Bb7 dxe4 30. Bxc6 Qf7 31. Kg1 e3 32. Qxe3 h5 33. Qe2 Kh8 34.
Rc3 Rd6 35. Bb7 Bf6 36. Rd3 Qc4 37. Kh2 Kg7 38. Qf3 Rd4 39. Rxd4 exd4 40. b4
Qc1 41. Bd5 Bg5 42. Qf7+ 1-0

[Event "SV Heiden 2 - SK Dülmen 2"]
[Site "Verbandsklasse 2021/2022"]
[Date "2022.04.23"]
[Round "2.4"]
[White "Wienen, Josef"]
[Black "Hoffmann, Klaus Peter"]
[Result "1-0"]
[WhiteElo "1579"]
[BlackElo "1500"]
[PlyCount "58"]
[EventDate "2022.??.??"]
[SourceTitle "Verband Muensterland"]
[SourceDate "2022.04.10"]
[SourceVersion "1"]
[SourceVersionDate "2022.04.10"]
[SourceQuality "1"]
[WhiteTeam "SV Heiden 2"]
[BlackTeam "SK Dülmen 2"]

1. c4 c5 2. e3 Nf6 3. d4 cxd4 4. exd4 d5 5. Nf3 Bg4 6. Qa4+ Nc6 7. Ne5 Bd7 8.
Nxd7 Qxd7 9. c5 g6 10. Bb5 Bg7 11. O-O O-O 12. Be3 Qc7 13. h3 Ne4 14. Nc3 Nxc3
15. bxc3 a6 16. Be2 Rfb8 17. Qb3 e6 18. Rab1 Na7 19. g3 Qa5 20. c4 dxc4 21.
Bxc4 Nc6 22. d5 exd5 23. Bxd5 Qc7 24. Kg2 Nd8 25. Rfe1 Nc6 26. Bg5 Bd4 27. Re4
Bxc5 28. Rbe1 Kf8 29. Qc3 Bd4 1-0

[Event "SV Heiden 2 - SK Dülmen 2"]
[Site "Verbandsklasse 2021/2022"]
[Date "2022.04.23"]
[Round "2.5"]
[White "Bickmann, Bernd"]
[Black "Spoeler, Gerd"]
[Result "1/2-1/2"]
[WhiteElo "1555"]
[BlackElo "1633"]
[PlyCount "72"]
[EventDate "2022.??.??"]
[SourceTitle "Verband Muensterland"]
[SourceDate "2022.04.10"]
[SourceVersion "1"]
[SourceVersionDate "2022.04.10"]
[SourceQuality "1"]
[WhiteTeam "SK Dülmen 2"]
[BlackTeam "SV Heiden 2"]

1. d4 d5 2. g3 Nf6 3. Bg2 c6 4. Nf3 Bg4 5. Nbd2 e6 6. O-O Nbd7 7. c3 Bd6 8. Re1
Qc7 9. Qc2 Bf5 10. Qb3 Ne4 11. Nxe4 Bxe4 12. Ng5 Bxg2 13. Kxg2 h6 14. Nh3 O-O-O
15. Bf4 e5 16. dxe5 Nxe5 17. Bxe5 Bxe5 18. Qa4 Kb8 19. e3 g5 20. Ng1 f5 21. f4
Bd6 22. Nf3 g4 23. Nd4 Qf7 24. Qb3 Ka8 25. Qc2 Rhf8 26. b4 h5 27. a4 Rde8 28.
a5 a6 29. Rab1 Re4 30. Qd3 Rfe8 31. Re2 h4 32. Nc2 Rh8 33. Ree1 Qf6 34. Qd2
Rhe8 35. Qd3 Qh6 36. Rh1 Qf6 1/2-1/2

[Event "SV Heiden 2 - SK Dülmen 2"]
[Site "Verbandsklasse 2021/2022"]
[Date "2022.04.23"]
[Round "2.6"]
[White "Sicking, Michael"]
[Black "Zadoroznij, Michael"]
[Result "1-0"]
[WhiteElo "1549"]
[BlackElo "1249"]
[PlyCount "49"]
[EventDate "2022.??.??"]
[SourceTitle "Verband Muensterland"]
[SourceDate "2022.04.10"]
[SourceVersion "1"]
[SourceVersionDate "2022.04.10"]
[SourceQuality "1"]
[WhiteTeam "SV Heiden 2"]
[BlackTeam "SK Dülmen 2"]

1. e4 e5 2. Nf3 Nc6 3. Bb5 d6 4. d4 exd4 5. Nxd4 Bd7 6. O-O a6 7. Nxc6 bxc6 8.
Ba4 Qf6 9. Nc3 Ne7 10. Be3 c5 11. Bxd7+ Kxd7 12. Bxc5 Kc8 13. Bd4 Qe6 14. a3 f6
15. b4 Qc4 16. Qd3 Qxd3 17. cxd3 Nc6 18. Be3 Ne5 19. Rfd1 c6 20. h3 Be7 21. f4
Nd7 22. Rac1 Re8 23. Nd5 Bf8 24. Rxc6+ Kb8 25. Rdc1 1-0

[Event "SF Reckenfeld 1 - SV Heiden 1"]
[Site "Verbandsklasse 2021/2022"]
[Date "2022.04.23"]
[Round "2.1"]
[White "Wienen, Hermann"]
[Black "Holtmannspoetter, Michael"]
[Result "1-0"]
[WhiteElo "1901"]
[BlackElo "1611"]
[PlyCount "83"]
[EventDate "2022.??.??"]
[SourceTitle "Verband Muensterland"]
[SourceDate "2022.04.10"]
[SourceVersion "1"]
[SourceVersionDate "2022.04.10"]
[SourceQuality "1"]
[WhiteTeam "SV Heiden 1"]
[BlackTeam "SF Reckenfeld 1"]

1. e4 c5 2. Nf3 Nc6 3. Bc4 e6 4. O-O g6 5. d4 cxd4 6. Nxd4 a6 7. Nxc6 bxc6 8.
Qd4 Qf6 9. e5 Qd8 10. Nc3 c5 11. Qd3 Bb7 12. Rd1 Bh6 13. Ne4 Bxe4 14. Qxe4 Bxc1
15. Raxc1 Ne7 16. Rd6 O-O 17. Rcd1 Nf5 18. Rxd7 Qa5 19. c3 Qa4 20. Qd3 Nd4 21.
Rd6 Nf5 22. Bb3 Qf4 23. Rxa6 Rxa6 24. Qxa6 Qxe5 25. Qd3 h5 26. Qd2 Kg7 27. Bc2
Nh6 28. h3 Rb8 29. b3 Ra8 30. a4 g5 31. Qd3 f5 32. Qf3 Rh8 33. Qe3 Qxe3 34.
fxe3 Rc8 35. a5 g4 36. a6 Kf6 37. a7 Ra8 38. Rd7 Nf7 39. b4 cxb4 40. cxb4 Ne5
41. Rc7 gxh3 42. gxh3 1-0

[Event "SF Reckenfeld 1 - SV Heiden 1"]
[Site "Verbandsklasse 2021/2022"]
[Date "2022.04.23"]
[Round "2.2"]
[White "Lachmuth, Matthias"]
[Black "Wigger, Niklas"]
[Result "0-1"]
[WhiteElo "1673"]
[BlackElo "1819"]
[PlyCount "106"]
[EventDate "2022.??.??"]
[SourceTitle "Verband Muensterland"]
[SourceDate "2022.04.10"]
[SourceVersion "1"]
[SourceVersionDate "2022.04.10"]
[SourceQuality "1"]
[WhiteTeam "SF Reckenfeld 1"]
[BlackTeam "SV Heiden 1"]

1. Nf3 c5 2. b3 d5 3. Bb2 Nf6 4. e3 Nc6 5. Bb5 e6 6. O-O Be7 7. Ne5 Qc7 8.
Bxc6+ bxc6 9. c4 O-O 10. d4 Bb7 11. Nd2 cxd4 12. exd4 c5 13. Ndf3 Rfd8 14. Nxf7
Kxf7 15. Ng5+ Kg8 16. Nxe6 Qb6 17. Nxd8 Rxd8 18. dxc5 Bxc5 19. Bxf6 Qxf6 20.
Qh5 Bxf2+ 21. Kh1 dxc4 22. Rad1 Rxd1 23. Qe8+ Qf8 24. Qxf8+ Kxf8 25. Rxd1 Ke7
26. bxc4 Ba6 27. Rf1 Bb6 28. Rf4 Kd6 29. Rh4 h6 30. Rg4 g5 31. h4 Be3 32. Re4
Bb6 33. hxg5 hxg5 34. Kh2 Bb7 35. Re1 Bc6 36. Kg3 Bd4 37. Kg4 Bxg2 38. Kxg5 Kc5
39. Re2 Bf1 40. Re7 Kxc4 41. Rb7 a5 42. Kf4 a4 43. Rb1 Bd3 44. Rb8 a3 45. Ra8
Bb2 46. Rc8+ Kd4 47. Rd8+ Kc3 48. Rc8+ Kd2 49. Rd8 Kc2 50. Ke3 Bg6 51. Rg8 Bf7
52. Rg2+ Kb1 53. Kd2 Kxa2 0-1

[Event "SF Reckenfeld 1 - SV Heiden 1"]
[Site "Verbandsklasse 2021/2022"]
[Date "2022.04.23"]
[Round "2.3"]
[White "Niewerth, Gerd"]
[Black "Merschkoetter, Peter"]
[Result "1-0"]
[WhiteElo "1780"]
[BlackElo "1656"]
[PlyCount "43"]
[EventDate "2022.??.??"]
[SourceTitle "Verband Muensterland"]
[SourceDate "2022.04.10"]
[SourceVersion "1"]
[SourceVersionDate "2022.04.10"]
[SourceQuality "1"]
[WhiteTeam "SV Heiden 1"]
[BlackTeam "SF Reckenfeld 1"]

1. e4 c6 2. d4 d5 3. Nc3 dxe4 4. Nxe4 Bf5 5. Ng3 Bg6 6. Nf3 e6 7. Ne5 Nd7 8.
Nxg6 hxg6 9. Bd3 Ngf6 10. c3 Qc7 11. Qf3 Bd6 12. Bd2 O-O-O 13. O-O-O Qa5 14.
Kb1 Qb6 15. Ka1 e5 16. Be3 Nd5 17. Ne4 N7f6 18. Nxd6+ Rxd6 19. dxe5 Nxe3 20.
fxe3 Re6 21. exf6 Rxf6 22. Qg4+ 1-0

[Event "SF Reckenfeld 1 - SV Heiden 1"]
[Site "Verbandsklasse 2021/2022"]
[Date "2022.04.23"]
[Round "2.4"]
[White "Hokamp, Sascha"]
[Black "Herdering, Martin"]
[Result "1-0"]
[WhiteElo "1873"]
[BlackElo "1783"]
[PlyCount "145"]
[EventDate "2022.??.??"]
[SourceTitle "Verband Muensterland"]
[SourceDate "2022.04.10"]
[SourceVersion "1"]
[SourceVersionDate "2022.04.10"]
[SourceQuality "1"]
[WhiteTeam "SF Reckenfeld 1"]
[BlackTeam "SV Heiden 1"]

1. d4 d5 2. Bf4 Nf6 3. Nc3 Bf5 4. g3 e6 5. Bg2 Bb4 6. Bd2 O-O 7. Nf3 h6 8. O-O
c5 9. a3 Bxc3 10. Bxc3 Ne4 11. Be1 Nd7 12. dxc5 Ndxc5 13. Nd4 Bg6 14. f3 Nd6
15. b4 Na4 16. Ra2 Nb6 17. e3 Nbc4 18. Qe2 Rc8 19. Bf2 Nf5 20. Nxf5 Bxf5 21. e4
dxe4 22. fxe4 Bg6 23. Bc5 Rxc5 24. bxc5 Qd4+ 25. Qf2 Qe5 26. Re1 Rc8 27. c3
Rxc5 28. Qd4 Qc7 29. Rd1 Kh7 30. a4 Ne5 31. Qd8 Rxc3 32. Qxc7 Rxc7 33. Rb2 b6
34. Rb5 f6 35. a5 Be8 36. axb6 axb6 37. Rxb6 Rc4 38. Rxe6 Bc6 39. Re1 Nd3 40.
Bf1 Nxe1 41. Bxc4 Nf3+ 42. Kf2 Ne5 43. Bd5 Bd7 44. Re7 h5 45. Be6 Bxe6 46. Rxe6
g5 47. h3 Kg6 48. Re7 h4 49. gxh4 gxh4 50. Ke3 Kg5 51. Rg7+ Ng6 52. Kf3 Kh6 53.
Ra7 Kg5 54. Ra5+ Ne5+ 55. Ke3 Kg6 56. Kf4 Nd3+ 57. Kg4 Nf2+ 58. Kxh4 Nxe4 59.
Kg4 Nf2+ 60. Kg3 Nd3 61. Ra8 Ne5 62. Rg8+ Kh7 63. Rc8 Kg6 64. Kf4 Nd3+ 65. Ke3
Ne5 66. Rg8+ Kf5 67. h4 Ng4+ 68. Kf3 Ne5+ 69. Kg3 Ke4 70. h5 f5 71. h6 f4+ 72.
Kh2 f3 73. Re8 1-0

[Event "SF Reckenfeld 1 - SV Heiden 1"]
[Site "Verbandsklasse 2021/2022"]
[Date "2022.04.23"]
[Round "2.5"]
[White "Sicking, Norbert"]
[Black "Roewekamp, Andre"]
[Result "1/2-1/2"]
[WhiteElo "1749"]
[BlackElo "1602"]
[PlyCount "106"]
[EventDate "2022.??.??"]
[SourceTitle "Verband Muensterland"]
[SourceDate "2022.04.10"]
[SourceVersion "1"]
[SourceVersionDate "2022.04.10"]
[SourceQuality "1"]
[WhiteTeam "SV Heiden 1"]
[BlackTeam "SF Reckenfeld 1"]

1. d4 d5 2. Nf3 Nf6 3. g3 Bg4 4. Bg2 e6 5. O-O Bd6 6. Nbd2 O-O 7. a3 Nbd7 8. b4
e5 9. Bb2 Re8 10. Nxe5 Nxe5 11. dxe5 Bxe5 12. Bxe5 Rxe5 13. Nf3 Re7 14. Nd4 Qd7
15. Qd3 Rae8 16. e3 Bh3 17. Rfc1 Bxg2 18. Kxg2 Ne4 19. Re1 Re5 20. Qe2 b6 21.
b5 Nc3 22. Qf1 Rh5 23. Kh1 Ne4 24. Qg2 Qh3 25. Qxh3 Nxf2+ 26. Kg2 Nxh3 27. g4
Rh6 28. Nf5 Ng5 29. Nxh6+ gxh6 30. a4 Ne4 31. a5 Nc3 32. axb6 axb6 33. Kf3 Nxb5
34. Red1 c6 35. Ra6 Rb8 36. Rda1 Nc7 37. Ra7 Rc8 38. Rb7 b5 39. Raa7 Ne6 40. h4
Nd8 41. Rc7 Rb8 42. Ra2 Kf8 43. Rd7 b4 44. Rd6 Kg7 45. Rb2 f6 46. Ke2 Kf7 47.
Rd7+ Ke6 48. Rxh7 Nf7 49. Ra2 b3 50. cxb3 Rxb3 51. Ra6 Rc3 52. Ra4 Rc1 53. Rb4
Ra1 1/2-1/2

[Event "SF Reckenfeld 1 - SV Heiden 1"]
[Site "Verbandsklasse 2021/2022"]
[Date "2022.04.23"]
[Round "2.6"]
[White "Weber, Stefan"]
[Black "Vestrick, Frank"]
[Result "0-1"]
[WhiteElo "1144"]
[BlackElo "1797"]
[PlyCount "44"]
[EventDate "2022.??.??"]
[SourceTitle "Verband Muensterland"]
[SourceDate "2022.04.10"]
[SourceVersion "1"]
[SourceVersionDate "2022.04.10"]
[SourceQuality "1"]
[WhiteTeam "SF Reckenfeld 1"]
[BlackTeam "SV Heiden 1"]

1. e4 d6 2. Nf3 Nf6 3. Bc4 Nxe4 4. d3 Nf6 5. Nc3 d5 6. Bb3 c6 7. O-O Bg4 8. h3
Bh5 9. Bg5 Nfd7 10. Re1 h6 11. Bh4 g5 12. Bg3 g4 13. hxg4 Bxg4 14. Qe2 h5 15.
Nd1 h4 16. Be5 Nxe5 17. Qxe5 e6 18. Nh2 Bd6 19. Qd4 Rg8 20. f3 Bh5 21. Ne3 Nd7
22. Nf5 Bc5 0-1